00629nam a2200169 i 4500001000700000003000900007005001700016008004100033100002200074245015200096260003000248300002100278490003800299500002600337830003800363852005800401183452ES-MaACL20230906221910.0140625q1900 sp |||| | spa d1 aMorrison, Arthur.13aUn rival de Sherlock Holmes ó Martín Hewitt, investigador b: episodios escritos en inglés / cpor Arthur Morrison y arreglados al español. aMadrid : b[s.n., c19-?] a32 p. ; c26 cm.1 aBiblioteca de Alrededor del Mundo aTexto a dos columnas.0 aBiblioteca de Alrededor del Mundo aES-MaACLjG-6059(3) z.- Encuadernado con otras obras